000 00556nam a2200169 a 4500
001 000042975
005 20201002040537.0
008 140213s1986 sp a 000 0 spa d
020 _a8420695343
040 _aDO-SdBNP
_bspa
_cBNPHU
082 _axxxxx
_bxxxxx
100 1 _aGutiérrez Fuente, Juan Ignacio
_970468
245 1 0 _aChile :
_bla Vicaría de la Solidaridad /
_cJuan Ignacio Gutiérrez Fuente ; prólogo Marcelino Oreja.
260 _aMadrid, :
_bAlianza,
_c1986.
300 _a231 p. :
_bil. ;
_c20 cm.
700 1 _aOreja, Marcelino,
_epról.
_970469
999 _c42464
_d42464